Mathematics in major accident risk assessment : based on the proceedings of a conference organized by the Institute of Mathematics and its Applications on Mathematics in Major Accident Risk Assessment, held in St. Catherine's College, Oxford in July 1986
Saved in:
| Corporate Author: | |
|---|---|
| Other Authors: | |
| Format: | Book |
| Language: | English |
| Published: |
Oxford :
Clarendon Press,
1989.
|
| Series: | Institute of Mathematics and its Applications conference series ;
19 |
| Subjects: | |
| Tags: |
Add Tag
No Tags, Be the first to tag this record!
|
MARC
| LEADER | 00000cam a2200000 i 4500 | ||
|---|---|---|---|
| 001 | 1/46358 | ||
| 008 | 950619s1989 enk ||| | eng|| | ||
| 020 | |a 019853616X | ||
| 035 | |a 1995 |c ΠΑΥΛΟΠΟΥΛΟΣ |l 10042776 | ||
| 040 | |a GR-MyUA |b gre |e AACR2 | ||
| 041 | 0 | |a eng | |
| 082 | 0 | |a 363.179 | |
| 245 | 0 | 0 | |a Mathematics in major accident risk assessment : |b based on the proceedings of a conference organized by the Institute of Mathematics and its Applications on Mathematics in Major Accident Risk Assessment, held in St. Catherine's College, Oxford in July 1986 / |c edited by R.A. Cox. |
| 260 | |a Oxford : |b Clarendon Press, |c 1989. | ||
| 300 | |a 261 σ. ; |c 24 εκ. | ||
| 490 | 1 | |a (Institute of Mathematics and its Applications conference series |v ; 19) | |
| 650 | 0 | 0 | |a Chemical plants |x Safety measures |x Mathematical models |x Congresses. |
| 650 | 0 | 0 | |a Vapors |x Mathematical Models |x Congresses. |
| 650 | 0 | 0 | |a Explosions |x Mathematical models |x Congresses. |
| 700 | 1 | |a Cox, R. A. |e edt | |
| 710 | 2 | |a Institute of Mathematics and Its Applications. | |
| 830 | 0 | |a Institute of Mathematics and its Applications conference series ; |v 19 | |
| 852 | |a INST |b SAMOS |e 19950619 |h 363.179 MAT |p 005300005587 |q 005300005587 |t BK |y 0 | ||
| 909 | |a Σ |b 039105 | ||